Normal view
MARC view
Entry Topical Term
001 - CONTROL NUMBER
- control field: 1044658
003 - CONTROL NUMBER IDENTIFIER
- control field: OSt
005 - DATE AND TIME OF LATEST TRANSACTION
- control field: 20260121161428.0
008 - FIXED-LENGTH DATA ELEMENTS
- fixed length control field: 260121|| aca||aabn | a|a d
040 ## - CATALOGING SOURCE
- Original cataloging agency: OSt
- Transcribing agency: OSt
150 ## - HEADING--TOPICAL TERM
- Topical term or geographic name entry element: Psychological Science
670 ## - SOURCE DATA FOUND
- Source citation: Work cat.: (OSt)1610736: Epidemiology of Sleep 1044657, Kenneth L. Lichstein; Daniel J. Taylor; Andrew J. Bush; H. Heith Durrence; Brant W. Riedel
